[Event "GER-ch U18 Girls"]
[Site "Willingen"]
[Date "2003.06.10"]
[Round "6"]
[White "Lunz, Pia"]
[Black "Thiery, Jennifer"]
[Result "1/2-1/2"]
[WhiteElo "1593"]
[BlackElo "1738"]
[PlyCount "53"]
[EventDate "2003.06.08"]
[EventType "swiss"]
[EventRounds "9"]
[EventCountry "GER"]
[SourceTitle "CBM 094 Extra"]
[Source "ChessBase"]
[SourceDate "2003.07.09"]
[SourceVersion "2"]
[SourceVersionDate "2003.07.09"]
[SourceQuality "1"]

1. d4 d5 2. c4 c6 3. e3 Nf6 4. Nf3 e6 5. Nc3 Bd6 6. Bd3 dxc4 7. Bxc4 b5 8. Bd3 a6 9. 0-0 0-0 10. a4 Bb7 11. e4 Be7 12. Bg5 Nbd7 13. Qc2 h6 14. Be3 Qc7 15. h3 e5 16. Ne2 exd4 17. Nexd4 Rac8 18. Nf5 Rfe8 19. Rfc1 Bd6 20. Qd2 Bf8 21. axb5 axb5 22. Bxb5 Nxe4 23. Qc2 c5 24. Nd2 Nxd2 25. Qxd2 Red8 26. Qc3 Qe5 27. Ng3 1/2-1/2

[Event "GER-ch U18 Girls"]
[Site "Willingen"]
[Date "2003.06.09"]
[Round "3"]
[White "Thiery, Jennifer"]
[Black "Beltz, Franziska"]
[Result "0-1"]
[WhiteElo "1738"]
[BlackElo "2010"]
[PlyCount "64"]
[EventDate "2003.06.08"]
[EventType "swiss"]
[EventRounds "9"]
[EventCountry "GER"]
[SourceTitle "CBM 094 Extra"]
[Source "ChessBase"]
[SourceDate "2003.07.09"]
[SourceVersion "2"]
[SourceVersionDate "2003.07.09"]
[SourceQuality "1"]

1. e4 c5 2. Nf3 d6 3. d4 cxd4 4. Nxd4 Nf6 5. Nc3 a6 6. Be2 e5 7. Nf3 Be6 8. 0-0 Be7 9. Bg5 Nbd7 10. Qd2 b5 11. a3 0-0 12. Rfd1 Qb6 13. h3 Rac8 14. Rac1 Rfd8 15. Ne1 Nc5 16. Qe3 Ncd7 17. Qd2 Nc5 18. Qe3 Ncd7 19. Qd2 Qb7 20. Nd3 Rxc3 21. Bxf6 Rxd3 22. Qxd3 Nxf6 23. Bf3 Rc8 24. Kh1 h6 25. Rd2 Nd7 26. Re1 Nc5 27. Qe2 Rd8 28. Red1 Na4 29. Rb1 Qc7 30. c3 Nc5 31. Re1 Bc4 32. Qd1 Bg5 0-1

[Event "GER-ch U18 Girls"]
[Site "Willingen"]
[Date "2003.06.08"]
[Round "2"]
[White "Thiery, Jennifer"]
[Black "Buncke, Johanna"]
[Result "1-0"]
[WhiteElo "1738"]
[BlackElo "1535"]
[PlyCount "53"]
[EventDate "2003.06.08"]
[EventType "swiss"]
[EventRounds "9"]
[EventCountry "GER"]
[SourceTitle "CBM 094 Extra"]
[Source "ChessBase"]
[SourceDate "2003.07.09"]
[SourceVersion "2"]
[SourceVersionDate "2003.07.09"]
[SourceQuality "1"]

1. e4 c5 2. Nf3 Nc6 3. d4 cxd4 4. Nxd4 g6 5. Nc3 Bg7 6. Be3 Nf6 7. Bc4 0-0 8. Bb3 d6 9. f3 Bd7 10. Qd2 a6 11. 0-0-0 b5 12. h4 Qc7 13. g4 b4 14. Na4 Rab8 15. Nxc6 Bxc6 16. Bh6 Qa5 17. Bxg7 Kxg7 18. h5 Bxa4 19. hxg6 fxg6 20. Qh6+ Kh8 21. g5 Nh5 22. Rd5 Bb5 23. Rxh5 Rf7 24. Rf5 Rg7 25. Rf7 Rxf7 26. Bxf7 gxh5 27. g6 1-0